MARC

LEADER 00000nas a22000001a 4500
001 vtls010302549
003 SK-MaSNL
005 20260228163133.0
008 110810d19561959xo qr p r 0 b0slo
015 |a SNBDS17XX9999 
015 |a 1863  |2 Balúnová 1945-60 
038 |a SNKBUDS 
040 |a SNK  |b slo  |c SNK  |e AACR2 
041 0 |a slo 
044 |a xo  |c SK 
080 |a 614.84  |2 2001 
080 |a 061.2  |2 2001 
245 0 0 |a Výchovná práca  |b materiál pre výchovnú a kultúrno-propagačnú činnosť zložiek ČSPO 
260 |a Bratislava  |b Čs. zväz požiarnej ochrany - Slov. výbor  |c 1956-8/III 1958 
260 3 |3 9/III 1958-13/IV 1959  |a Bratislava  |b Štatistické a evidenčné vydavateľstvo tlačív 
300 |a 4 roč.  |c 30 x 21 cm 
310 |a 4x ročne 
362 0 |a Roč. I, č. 1 (1956)-roč. IV, č. 13 (1959) 
500 |a Vych. v Bratislave 4x ročne [nepravidelne] 
500 |a Red. sa neuvádza 
500 |a Vyd. Čs. zväz požiarnej ochrany - Slov. výbor, od 9/III (1958) nákladom Štatistického a evidenčného vydavateľstva tlačív 
500 |a Tlač. Nitrianske tlačiarne v Nitre, v 8/III (1958) Tlačiarne SNP v Martine, od 9/III (1958) Pravda, vyd. ÚV KSS v Bratislave, od 12/IV (1959) Západoslov. tlačiarne, n. p. Bratislava, záv. v Nitre 
500 |a Jednotlivé zošity ročníkov sú priebežne číslované, bez bližšieho dátumu 
500 |a Má maďarskú mutáciu Nevelőmunka 
500 |a Podnázov v 10/IV (1959) Materiál pre úsek ĽUT 
505 8 0 |g Roč. I. 1956 4 č. 
505 8 0 |g Roč. II. 1957 3 č. (č. 5-7) po 40-48 s. 
505 8 0 |g Roč. III. 1958 2 č. (č. 8-9) po 42-46 s. 
505 8 0 |g Roč. IV. 1959 4 č. (č. 10-13) po 30-44 s. 
650 0 7 |a požiarna ochrana  |2 SNKBUDS  |9 1501 
650 0 7 |a požiarnictvo  |2 SNKPH  |9 1502 
655 7 |a spolkové metodické časopisy  |2 SNKBUDS  |9 273150 
710 2 |a Československý zväz požiarnej ochrany.  |b Slovenský výbor (Bratislava, Slovensko)  |9 163618 
710 2 |a Nitrianske tlačiarne  |4 prt  |9 273151 
710 2 |a Štatistické a evidenčné vydavateľstvo tlačív (Bratislava, Slovensko)  |9 216525 
710 2 |a Tlačiarne SNP (Martin, Slovensko)  |4 prt  |9 160232 
710 2 |a Tlačiarenské závody Pravda (Bratislava, Slovensko)  |4 prt  |9 268832 
710 2 |a Západoslovenské tlačiarne (Bratislava, Slovensko).  |b Závod Nitra  |9 273152 
775 0 |t Nevelőmunka 
852 |a SNK  |b 10000  |h ČSB 1286 
852 |a SVKKK  |b 900000  |h C 1158 
999 |c 8922  |d 10852 
952 |0 0  |1 0  |3 rekatalogizácia  |4 0  |7 0  |a SNK  |b SNK  |d 2006-07-18  |i snkČSP 802/59  |l 0  |o snkČSB 1286/2/1956-57  |p 17A0515860  |r 2026-02-21 20:13:03  |t zv. 3-7  |w 2026-02-21  |y PREZ 
952 |0 0  |1 0  |3 rekatalogizácia  |4 0  |7 0  |8 5  |a SNK  |b SNK  |d 2006-07-18  |i snkF 3616/68  |l 0  |o snkČSB 1286/3/1958  |p 17A0515898  |r 2026-02-21 20:13:03  |t zv. 8-9  |w 2026-02-21  |y PREZ 
952 |0 0  |1 0  |3 rekatalogizácia  |4 0  |7 0  |a SNK  |b SNK  |d 2006-07-18  |i snkČSP 1111/60  |l 0  |o snkČSB 1286/4/1959  |p 17A0515899  |r 2026-02-21 20:13:03  |t zv. 10-13  |w 2026-02-21  |y PREZ